000 00718nam a2200253Ia 4500
003 OSt
005 20220918174518.0
006 a|||||r|||| 00| 0
007 ta
008 220917b |||||||| |||| 00| 0 eng d
024 _a12,612
037 _cTextual
040 _aARTS
_cARTS
_beng
041 _2eng
_aeng
082 _aMZAa, L9 (2D)
100 _aRogers A Robert.
_944054
245 0 _aHumanities
_b A selective guide to information sources
260 _aLittleton
_bLibraries Unlimited
_c1979
300 _axviii,355p.
_ccm.
490 _aLibrary science text series
650 _aSOCIAL SCIENCES
942 _hMZAa, L9 (2D)
_cTEXL
_2CC
999 _c153480
_d153480